[Event "Jena Fair op 8th"]
[Site "Jena"]
[Date "2008.10.18"]
[Round "7"]
[White "Gessner, Hans Herbert"]
[Black "Koehler, Denny"]
[Result "0-1"]
[WhiteElo "1443"]
[BlackElo "1390"]
[PlyCount "68"]
[EventDate "2008.10.15"]
[EventType "swiss"]
[EventRounds "9"]
[EventCountry "GER"]
[SourceTitle "EXT 2009"]
[Source "ChessBase"]
[SourceDate "2008.11.26"]
[SourceVersion "1"]
[SourceVersionDate "2008.11.26"]
[SourceQuality "1"]

1. Nc3 d5 2. e4 e6 3. f4 Nf6 4. e5 Nfd7 5. Nf3 c5 6. Bb5 a6 7. Bxd7+ Bxd7 8. d3 Nc6 9. 0-0 Be7 10. Ne2 0-0 11. c3 f6 12. d4 Qb6 13. Qd3 fxe5 14. fxe5 Na5 15. Qc2 Rac8 16. Kh1 cxd4 17. Bg5 Rxf3 18. Bxe7 d3 19. Qd1 dxe2 20. Qxe2 Rxf1+ 21. Qxf1 Bb5 22. Qf4 Qc7 23. Bd6 Qf7 24. Qh4 Nc4 25. a4 Nxd6 26. axb5 Nxb5 27. Kg1 Rf8 28. h3 Qc7 29. Re1 Na7 30. Qh5 Nc6 31. b4 Qf7 32. Qe2 Qf4 33. Qe3 Qxe3+ 34. Rxe3 Rf5 0-1

[Event "Jena Schwarzer Baer op"]
[Site "Jena"]
[Date "2007.02.03"]
[Round "2"]
[White "Baumert, Andre"]
[Black "Gessner, Hans Herbert"]
[Result "1-0"]
[WhiteElo "1920"]
[BlackElo "1504"]
[PlyCount "61"]
[EventDate "2007.02.03"]
[EventType "swiss"]
[EventRounds "7"]
[EventCountry "GER"]
[SourceTitle "EXT 2008"]
[Source "ChessBase"]
[SourceDate "2007.11.25"]
[SourceVersion "1"]
[SourceVersionDate "2007.11.25"]
[SourceQuality "1"]

1. Nf3 d5 2. g3 Nc6 3. d4 Bg4 4. Bg2 e6 5. 0-0 Bd6 6. c4 dxc4 7. Qa4 Nge7 8. e4 Nc8 9. Qxc4 Nb6 10. Qd3 Nb4 11. Qb3 0-0 12. Nc3 c5 13. dxc5 Bxc5 14. Rd1 Qe8 15. a3 Nc6 16. Qb5 Qe7 17. b4 Bxf3 18. Bxf3 Bd4 19. Bg5 f6 20. Bd2 a6 21. Qf1 Ne5 22. Be2 f5 23. Rac1 Ng4 24. Be1 Qf6 25. exf5 exf5 26. h3 Ne3 27. fxe3 Bxe3+ 28. Kh2 Bxc1 29. Rxc1 Rac8 30. Qf3 f4 31. g4 1-0